Standard deviations (Record no. 4974)

MARC details
000 -CABECERA
campo de control de longitud fija 01559nam a22001937a 4500
008 - DATOS DE LONGITUD FIJA--INFORMACIÓN GENERAL
campo de control de longitud fija 250922b |||||||| |||| 00| 0 eng d
020 ## - NÚMERO INTERNACIONAL ESTÁNDAR DEL LIBRO
Número Internacional Estándar del Libro 9780715655238
040 ## - FUENTE DE LA CATALOGACIÓN
Centro/agencia transcriptor tbs
041 ## - CÓDIGO DE LENGUA
Código de lengua del texto/banda sonora o título independiente eng
050 ## - SIGNATURA TOPOGRÁFICA DE LA BIBLIOTECA DEL CONGRESO
Número de clasificación QA279
Número de documento/Ítem .S638 2025
100 ## - ENTRADA PRINCIPAL--NOMBRE DE PERSONA
Nombre de persona Smith, Gary
Fechas asociadas al nombre 1945-
9 (RLIN) 25944
Término indicativo de función/relación author
245 ## - MENCIÓN DE TÍTULO
Título Standard deviations
Resto del título : the truth about flawed statistics, AI and big data
Mención de responsabilidad, etc. / Gary Smith.
250 ## - MENCIÓN DE EDICIÓN
Mención de edición Revised edition.
260 ## - PUBLICACIÓN, DISTRIBUCIÓN, ETC.
Lugar de publicación, distribución, etc. London :
Nombre del editor, distribuidor, etc. Duckworth,
Fecha de publicación, distribución, etc. 2025.
300 ## - DESCRIPCIÓN FÍSICA
Extensión 388 pages :
Otras características físicas illistrations, tables, graphs ;
Dimensiones 20 cm.
520 ## - SUMARIO, ETC.
Sumario, etc. Did you know that chicken eggs can influence how computers generate random events? Or that humans can postpone death until after important ceremonial occasions? Or live three to five years longer if they have positive initials, like ACE? All these 'facts' have been presented with a straight face by researchers and backed up with convincing statistics. In Standard Deviations, economics professor Gary Smith walks us through the various tricks and traps we so often fall into. Today, data is so plentiful and our reliance on computer analysis and AI so entrenched that researchers spend precious little time distinguishing between good, meaningful deductions and rubbish. Not only do others use data to fool us, we fool ourselves. Drawing on breakthrough research in behavioural economics by luminaries like Daniel Kahneman and Dan Ariely, and taking to task some of the conclusions of Freakonomics, Standard Deviations demystifies the science behind the statistics.
650 #0 - PUNTO DE ACCESO ADICIONAL DE MATERIA--TÉRMINO DE MATERIA
Término de materia o nombre geográfico como elemento de entrada Standard deviations
9 (RLIN) 25945
942 ## - ELEMENTOS DE ENTRADA AGREGADA (KOHA)
Fuente del sistema de clasificación o colocación Clasificación de Library of Congress
Holdings
Estado de retiro Estado de pérdida Fuente del sistema de clasificación o colocación Estado dañado No para préstamo Biblioteca de origen Biblioteca actual Fecha de adquisición Total de préstamos Signatura topográfica completa Código de barras Fecha visto por última vez Número de copia Precio válido a partir de Tipo de ítem Koha
    Clasificación de Library of Congress     TBS Barcelona TBS Barcelona 22/09/2025   QA279 SMI B05795 22/09/2025 1 22/09/2025 Book

Powered by Koha